Statistics for European capitals by picture #2

Click here to take the quiz!

General Stats

  • This quiz has been taken 26 times
  • The average score is 8 of 16

Answer Stats

Answer% Correct
Amsterdam
92%
Monaco
68%
Helsinki
64%
Stockholm
64%
Vatican City
64%
Prague
60%
Dublin
56%
Paris
52%
Rome
48%
Bucharest
44%
Vaduz
44%
Kiev
32%
Bern
24%
Brussels
24%
Madrid
24%
Vilnius
16%

Score Distribution

Percentile by Number Answered

Percent of People with Each Score

Your Score History

You have not taken this quiz